000 01100nam a22001817a 4500
008 110909t xxu||||| |||| 00| 0 eng d
020 _a0072891467
050 _aBF121 .F34
100 _a Feldman, Robert S.,
245 _aUnderstanding psychology /
_cRobert S Feldman
250 _a5th ed
260 _aBoston :
_bMcGraw-Hill College,
_cc1999.
300 _axxvi, 774 p. :
_bill. (col.) ;
_c28 cm
500 _aIncludes bibliographical references and index
505 _aContents: Introduction to psychology -- Psychological research -- The Biology underlying behavior -- Sensation and perception -- States of consciousness -- Learning -- Memory -- Cognition and language -- Intelligence -- Motivation and emotion -- Sexuality and gender -- Development: The Beginnings of life -- Development: Adolescence to the end of life -- Personality -- Health psychology: stress, coping, and health -- Psychological disorders -- Treatment of psychological disorders -- Social psychology -- Appendix: Going by the numbers: Statistics in psychology
650 _aPsychology
_xTextbooks.
942 _2lcc
_cBK
999 _c94
_d7594